书目信息 |
| 题名: |
张之洞
|
|
| 作者: | 王凤翔 著 | |
| 分册: | ||
| 出版信息: | 北京 中国文史出版社 2019.11 |
|
| 页数: | 455页 | |
| 开本: | 24cm | |
| 丛书名: | ||
| 单 册: | ||
| 中图分类: | K827=52 | |
| 科图分类: | ||
| 主题词: | 张之洞(1837--zhang zhi dong 1837--1909)--传记 | |
| 电子资源: | ||
| ISBN: | 978-7-5205-1845-1 | |
| 000 | 01161nam0 2200241 450 | |
| 001 | 2159236322 | |
| 005 | 20210926145300.0 | |
| 010 | @a978-7-5205-1845-1@dCNY79.80 | |
| 100 | @a20200425d2019 em y0chiy0110 ea | |
| 101 | 0 | @achi |
| 102 | @aCN@b110000 | |
| 105 | @ay z 000yy | |
| 106 | @ar | |
| 200 | 1 | @a张之洞@Azhang zhi dong@e坐对天池一长啸@f王凤翔著 |
| 210 | @a北京@c中国文史出版社@d2019.11 | |
| 215 | @a455页@d24cm | |
| 330 | @a张之洞与曾国藩、李鸿章、左宗棠并称晚清四大名臣。1863年中进士,授翰林院编修。后历任湖北学政、两广总督、湖广总督、军机大臣。他的一生亲历了当时中国所发生的一切重大事件,如中法战争、洋务运动、戊戌变法、八国联军侵华、东南互保、筹办新政。尤其是督鄂期间,他广开新学、改革军政、振兴实业,创造了湖北人才鼎盛的局面。王凤翔创作的《张之洞》,将国家正史的庙堂立场、庄严气度和民间野史对于名人趣事、掌故隐私的渲染融为一体,既富含深沉的历史思考,又具有对人生世事的洞察。 | |
| 517 | 1 | @a坐对天池一长啸@Azuo dui tian chi yi chang xiao |
| 606 | 0 | @a张之洞(1837@Azhang zhi dong 1837@z1909)@x传记 |
| 690 | @aK827=52@v5 | |
| 701 | 0 | @a王凤翔@Awang feng xiang@4著 |
| 801 | 0 | @aCN@b百万庄@c20210925 |
| 905 | @b1298788-791@dK827=52@e1046@f4 | |
| 张之洞:坐对天池一长啸/王凤翔著.-北京:中国文史出版社,2019.11 |
| 455页;24cm |
| ISBN 978-7-5205-1845-1:CNY79.80 |
| 张之洞与曾国藩、李鸿章、左宗棠并称晚清四大名臣。1863年中进士,授翰林院编修。后历任湖北学政、两广总督、湖广总督、军机大臣。他的一生亲历了当时中国所发生的一切重大事件,如中法战争、洋务运动、戊戌变法、八国联军侵华、东南互保、筹办新政。尤其是督鄂期间,他广开新学、改革军政、振兴实业,创造了湖北人才鼎盛的局面。王凤翔创作的《张之洞》,将国家正史的庙堂立场、庄严气度和民间野史对于名人趣事、掌故隐私的渲染融为一体,既富含深沉的历史思考,又具有对人生世事的洞察。 |
| ● |
| 相关链接 |
|
|
|
|
正题名:张之洞
索取号:K827=52/1046
 
预约/预借
| 序号 | 登录号 | 条形码 | 馆藏地/架位号 | 状态 | 备注 |
| 1 | 1298788 | 212987883 | 第二样本阅览室/ [索取号:K827=52/1046] | 在馆 | |
| 2 | 1298789 | 212987892 | 第二借阅区/ [索取号:K827=52/1046] | 在馆 | |
| 3 | 1298790 | 212987909 | 第二借阅区/ [索取号:K827=52/1046] | 在馆 | |
| 4 | 1298791 | 212987918 | 第二借阅区/ [索取号:K827=52/1046] | 在馆 |